000 00229nam a2200085Ia 4500
008 220204s9999 xx 000 0 und d
082 _a382.6(058.7)(540)
_bDIR
245 0 _aDirectory of import of Indian produce in Japan
942 _cBK
999 _c20057
_d20057